[Event "Sberbank GM Rapid"]
[Site "Kiev UKR"]
[Date "2013.06.07"]
[Round "9"]
[White "Karjakin,Sergey"]
[Black "Karpov,Ana"]
[Result "1-0"]
[WhiteElo "2782"]
[BlackElo "2619"]

1.e4 d5 2.exd5 Qxd5 3.Nc3 Qd6 4.d4 c6 5.Ne4 Qe6 6.Qe2 Nf6 7.f3 g6 8.g3 Nd5
9.c4 Nb4 10.a3 N4a6 11.d5 cxd5 12.cxd5 Qb6 13.Be3 Qd8 14.Bd4 f6 15.Nxf6+ Kf7
16.Ne4 Rg8 17.Bh3 h6 18.Bxc8 Qxc8 19.f4 Nc7 20.Rc1 Qd8 21.Nf3 Bg7 22.Bxg7 Kxg7
23.Nc5 Nba6 24.Nxa6 Nxa6 25.Qe5+ Kh7 26.h4 Rf8 27.Ng5+ hxg5 28.hxg5+ Kg8
29.Qe6+ Kg7 30.Rh6 Qd6 31.Rxg6+ Kh7 32.Rh6+ Kg7 33.Qe4  1-0

[Event "Icelandic Open Championship 2013"]
[Site "Reykjavik ISL"]
[Date "2013.06.07"]
[Round "9.11"]
[White "Thorsteinsdottir,H"]
[Black "Ptacnikova,L"]
[Result "0-1"]
[WhiteElo "1985"]
[BlackElo "2255"]

1.e4 d5 2.exd5 Qxd5 3.Nc3 Qd6 4.d4 Nf6 5.Nf3 c6 6.g3 Bf5 7.Bg2 e6 8.Bf4 Qd8
9.O-O h6 10.h4 Be7 11.Ne5 Nd5 12.Nxd5 exd5 13.Re1 O-O 14.c3 Nd7 15.Qb3 Nxe5
16.Rxe5 Qd7 17.Rae1 Bf6 18.R5e3 b6 19.Kh2 Rac8 20.R3e2 Bg4 21.f3 Be6 22.Qd1 c5
23.Be3 c4 24.Qd2 b5 25.Bf2 a5 26.g4 Qd8 27.Kh3 h5 28.Qf4 Re8 29.Bg3 Rc6 30.Qd2 Rf8
31.Rh1 Qd7 32.Qf4 Bd8 33.Rhe1 b4 34.Rc1 Bc7 35.Qg5 hxg4+ 36.fxg4 Bxg3 37.Kxg3 Bxg4
38.Qxd5 Rd6 39.Qxd6 Qxd6+ 40.Kxg4 Qg6+ 41.Kf3 Qh5+ 42.Kf2 Qxh4+ 43.Kg1 bxc3
44.bxc3 Qg3 45.Rd1 f5 46.Kf1 f4 47.Bd5+ Kh7 48.Rg2 Qh3 49.Kg1 f3 50.Be4+ Kh8
51.Rh2 f2+ 52.Rxf2 Qg4+  0-1

[Event "FIDE World Rapid 2013"]
[Site "Khanty-Mansiysk RUS"]
[Date "2013.06.08"]
[Round "12.26"]
[White "Popov,Iv RUS"]
[Black "Nadanian,A"]
[Result "0-1"]
[WhiteElo "2632"]
[BlackElo "2428"]

1.e4 d5 2.exd5 Qxd5 3.Nc3 Qd6 4.d4 Nf6 5.Nf3 c6 6.Ne5 Nbd7 7.Bf4 Nd5 8.Nxd5 Qxd5
9.Qd3 Nxe5 10.Bxe5 f6 11.Bc7 Bf5 12.Qd2 Qe4+ 13.Be2 Qxg2 14.O-O-O Qd5 15.Qb4 Qd7
16.Bg3 e6 17.Qb3 Be7 18.Rhe1 b5 19.Bh5+ g6 20.Bf3 Kf7 21.d5 cxd5 22.Bxd5 Qc8
23.Bxa8 Qxa8 24.Qxb5 Rc8 25.c3 Qf3 26.Re3 Qg4 27.Rd7 e5 28.Rxa7 Rd8 29.Qe2 Qg5
30.f4 Qh6 31.Qc4+ Kf8 32.Rxe7 Kxe7 33.Qc5+ Kf7 34.fxe5 Qh3 35.exf6 Rd7 36.Re7+ Kxf6
37.Qe5+ Kg5 38.Qf4+ Kh5 39.Rxd7 Bxd7 40.Qf3+ Bg4 41.Qf7 h6 42.Qd5+ Bf5 43.b4 g5
44.Qf3+ Kg6 45.Qc6+ Kf7 46.Qd5+ Be6 47.Qf3+ Kg6 48.a4 h5 49.Qe4+ Kf7 50.Qh7+ Kf6
51.Qh6+ Kf5 52.Qf8+ Ke4 53.Qf6 h4 54.Qd4+ Kf5 55.Qf2+ Kg6 56.Be5 Bf5 57.Qb6+ Kh5
58.Qd4 Qg2 59.Qd1+ g4 60.Bd6 Qa2 61.a5  0-1

[Event "FIDE World Blitz 2013"]
[Site "Khanty-Mansiysk RUS"]
[Date "2013.06.09"]
[Round "2.27"]
[White "Smirin,I"]
[Black "Nadanian,A"]
[Result "1-0"]
[WhiteElo "2663"]
[BlackElo "2428"]

1.e4 d5 2.exd5 Qxd5 3.Nc3 Qd6 4.g3 Nf6 5.Bg2 c6 6.Nge2 Bg4 7.h3 Bxe2 8.Qxe2 e6
9.O-O Be7 10.b4 a6 11.a4 O-O 12.Rb1 Nbd7 13.b5 axb5 14.axb5 Nc5 15.bxc6 bxc6
16.d3 Nd5 17.Nxd5 cxd5 18.Bf4 Qa6 19.c4 dxc4 20.d4 Nd3 21.Bxa8 Rxa8 22.d5 c3
23.dxe6 fxe6 24.Ra1 Qxa1 25.Qxe6+ Kf8 26.Qf5+ Kg8 27.Qd5+ Kf8 28.Qxd3 Qa5
29.Qxh7 Rd8 30.Re1 Bf6 31.Re6 Qd5 32.Re1 Qg8 33.Qc2 Qc4 34.Qh7 Qg8 35.Qf5 Qf7
36.Qc5+ Kg8 37.Qc6 Re8 38.Rxe8+ Kh7 39.Qe4+ g6 40.Rc8  1-0

[Event "FIDE World Blitz 2013"]
[Site "Khanty-Mansiysk RUS"]
[Date "2013.06.09"]
[Round "10.24"]
[White "Vallejo Pons,F"]
[Black "Nadanian,A"]
[Result "1-0"]
[WhiteElo "2706"]
[BlackElo "2428"]

1.e4 d5 2.exd5 Qxd5 3.Nc3 Qd6 4.d4 Nf6 5.Nf3 c6 6.h3 Bf5 7.Nh4 Bg6 8.Nxg6 hxg6
9.g3 e6 10.Bg2 Qc7 11.O-O Nbd7 12.b3 Rd8 13.Bb2 Be7 14.Qe2 Nb6 15.Rad1 O-O
16.Rfe1 Rd7 17.Nb1 Rfd8 18.Nd2 Ne8 19.Nf3 Bf6 20.c4 c5 21.Ne5 Rd6 22.dxc5 Qxc5
23.Rxd6 Qxd6 24.Bxb7 Qd2 25.Bf3 Nc7 26.Rd1 Qxd1+ 27.Qxd1 Rxd1+ 28.Bxd1 Nd7
29.f4 g5 30.Bd4 gxf4 31.gxf4 g5 32.Bxa7 Nxe5 33.fxe5 Bxe5 34.a4 Na6 35.Bf3 Bd6
36.Kf1 Nc5 37.Bd1 f5 38.a5 Nb7 39.Bb6 Bc5 40.Bxc5 Nxc5 41.b4 Ne4 42.a6 Nd2+
43.Ke1 Nxc4 44.Bb3 Nb6 45.Bxe6+ Kg7 46.Bxf5 Kf6 47.Be4 Ke5 48.Bc6 Kf4 49.a7  1-0

[Event "FIDE World Blitz 2013"]
[Site "Khanty-Mansiysk RUS"]
[Date "2013.06.09"]
[Round "11.23"]
[White "Bologan,V"]
[Black "Nadanian,A"]
[Result "1-0"]
[WhiteElo "2672"]
[BlackElo "2428"]

1.e4 d5 2.exd5 Qxd5 3.Nc3 Qd6 4.d4 Nf6 5.Nf3 c6 6.g3 Bg4 7.Bg2 e6 8.h3 Bxf3
9.Bxf3 Be7 10.Bf4 Qd8 11.Qd3 Bd6 12.Bd2 Nbd7 13.O-O-O O-O 14.Kb1 Nd5 15.Ne4 Be7
16.c4 N5f6 17.Bc3 Nxe4 18.Qxe4 Nf6 19.Qe2 a5 20.g4 Bb4 21.g5 Nd7 22.h4 Bxc3
23.bxc3 a4 24.Ka1 a3 25.Rb1 Qa5 26.Qc2 Qa6 27.Be4 Qxc4 28.Bxh7+ Kh8 29.Bd3 Qd5
30.Qe2 Qa5 31.Qh5+  1-0

[Event "FIDE World Blitz 2013"]
[Site "Khanty-Mansiysk RUS"]
[Date "2013.06.10"]
[Round "18.5"]
[White "Smirin,I"]
[Black "Inarkiev,E"]
[Result "1/2-1/2"]
[WhiteElo "2663"]
[BlackElo "2680"]

1.e4 d5 2.exd5 Qxd5 3.Nc3 Qd6 4.g3 Nf6 5.Bg2 g6 6.Nge2 Bg7 7.O-O O-O 8.d3 c6
9.Rb1 a5 10.Bf4 e5 11.Be3 Nd5 12.Bd2 Be6 13.a3 a4 14.Ne4 Qc7 15.c4 Nb6 16.Nc5 Bf5
17.Nc3 N8d7 18.Nxd7 Nxd7 19.Be3 Qa5 20.Ne4 Bxe4 21.dxe4 Rfd8 22.Qc2 Nc5 23.Rbd1 Nb3
24.Rxd8+ Rxd8 25.Rd1 Bf8 26.Bg5 Rd4 27.Be3 Rd8 28.Bg5 Rd4 29.Be3 Rd6 30.Rxd6 Qe1+
31.Bf1 Bxd6 32.c5 Be7 33.Kg2 Qa5 34.Bc4 Nxc5 35.Bh6 Qd8 36.Be3 b6 37.h4 h5
38.Qe2 b5 39.Ba2 Qd3 40.Qf3 Nb3 41.g4 Qc2 42.gxh5 Qxb2 43.hxg6 fxg6 44.Qg4 Kf7
45.h5 gxh5 46.Qf5+ Ke8 47.Qc8+ Kf7 48.Qf5+ Kg7 49.Qe6 Bf6 50.Bh6+ Kxh6 51.Qxf6+ Kh7
52.Qf7+  1/2-1/2

[Event "FIDE World Blitz 2013"]
[Site "Khanty-Mansiysk RUS"]
[Date "2013.06.10"]
[Round "18.20"]
[White "Vallejo Pons,F"]
[Black "Georgiev,Ki"]
[Result "1-0"]
[WhiteElo "2706"]
[BlackElo "2636"]

1.e4 d5 2.exd5 Qxd5 3.Nc3 Qd6 4.d4 Nf6 5.Nf3 c6 6.h3 g6 7.Ne5 Nbd7 8.Bf4 Nxe5
9.Bxe5 Qb4 10.a3 Qa5 11.Bc4 Bg7 12.O-O O-O 13.Qe2 Bf5 14.g4 Bd7 15.f4 e6
16.h4 h5 17.g5 Ng4 18.Ne4 Qb6 19.c3 Nxe5 20.fxe5 c5 21.Nxc5 Bc6 22.Rf4 Qc7
23.Raf1 b6 24.Ne4 Bxe4 25.Rxe4 Rae8 26.Bb5 Re7 27.a4 Qd8 28.Ref4 Rc7 29.Qf3 Re7
30.Bd3 Rc7 31.Be4 Rd7 32.Kg2 Rc7 33.Qe2 Rd7 34.R1f3 Rc7 35.b4 Rd7 36.b5 Rc7
37.Bc6 a6 38.c4 axb5 39.axb5 Ra7 40.d5 exd5 41.cxd5 Re7 42.e6 fxe6 43.Rxf8+ Bxf8
44.Qe4 Kh7 45.Rf6 Rg7 46.dxe6 Be7 47.Rf2 Qb8 48.Bd5 Bc5 49.Rf7 Rxf7 50.exf7 Qa7
51.Bc4 Qa3 52.Bd3 Qb2+ 53.Kh3 Qg7 54.Qe6 Bd4 55.Bxg6+  1-0

[Event "FIDE World Blitz 2013"]
[Site "Khanty-Mansiysk RUS"]
[Date "2013.06.10"]
[Round "19.7"]
[White "Guseinov,G"]
[Black "Inarkiev,E"]
[Result "1/2-1/2"]
[WhiteElo "2631"]
[BlackElo "2680"]

1.e4 d5 2.exd5 Qxd5 3.Nc3 Qd6 4.d4 Nf6 5.Nf3 g6 6.Nb5 Qb6 7.c4 c6 8.Nc3 Bg7
9.h3 O-O 10.Be2 Qc7 11.O-O Nbd7 12.Be3 b6 13.Qd2 Bb7 14.Bf4 Qd8 15.Rad1 e6
16.Rfe1 Re8 17.Qc1 Qe7 18.Ne5 c5 19.Nb5 Red8 20.Nd6 Qxd6 21.Nxg6 Qxd4 22.Rxd4 cxd4
23.Ne5 Nf8 24.Bd3 Ng6 25.Bh6 Rac8 26.Bxg7 Kxg7 27.b4 Nd5 28.a3 Ndf4 29.Bxg6 Nxg6
30.Ng4 Kf8 31.Qh6+ Ke7 32.Qg7 d3 33.Qf6+ Ke8 34.Qc3 Rc7 35.Rd1 Nf4 36.Kh2 f5
37.Ne5 Rg7 38.g3 Ne2 39.Qd2 f4 40.g4 h5 41.Nxd3 Nd4 42.Qxf4 hxg4 43.Qf6 Rf7
44.Qh8+ Ke7 45.Qh4+ Ke8 46.Ne5 Nf3+ 47.Nxf3 Rxd1 48.Qh8+ Ke7 49.Qh4+ Ke8
50.Qh8+ Ke7 51.Qh4+ Rf6 52.Qh7+ Rf7 53.Qh4+ Ke8 54.Qh8+ Ke7 55.Qh4+  1/2-1/2

[Event "FIDE World Blitz 2013"]
[Site "Khanty-Mansiysk RUS"]
[Date "2013.06.10"]
[Round "19.25"]
[White "Kurnosov,I"]
[Black "Nadanian,A"]
[Result "1-0"]
[WhiteElo "2657"]
[BlackElo "2428"]

1.e4 d5 2.exd5 Qxd5 3.Nc3 Qd6 4.d4 Nf6 5.Nf3 c6 6.Ne5 Nbd7 7.f4 Nd5 8.Ne4 Qb4+
9.c3 Qa5 10.Bd2 N5f6 11.Ng5 Nxe5 12.fxe5 h6 13.Nxf7 Kxf7 14.exf6 gxf6 15.Bc4+ e6
16.O-O Rg8 17.b4 Qd8 18.Qh5+ Ke7 19.Rxf6 Kxf6 20.Rf1+ Ke7 21.Qf7+  1-0

[Event "Zonal 3.4 2013"]
[Site "Osh KGZ"]
[Date "2013.06.10"]
[Round "4"]
[White "Khamrakulov,D"]
[Black "Vakhidov,J"]
[Result "1-0"]
[WhiteElo "2445"]
[BlackElo "2398"]

1.e4 d5 2.exd5 Qxd5 3.Nc3 Qd6 4.d4 Nf6 5.Nf3 c6 6.g3 Bg4 7.Bg2 e6 8.h3 Bxf3
9.Bxf3 Be7 10.O-O O-O 11.Bf4 Qd8 12.Qd2 Bd6 13.Rfe1 Bxf4 14.Qxf4 Na6 15.a3 Qc7
16.Qe3 Rad8 17.b4 Nd5 18.Qd3 Nxc3 19.Qxc3 Qb6 20.Red1 Nc7 21.a4 Nd5 22.Qb3 Ne7
23.a5 Qc7 24.c3 a6 25.Re1 Rfe8 26.h4 g6 27.Re5 Nd5 28.Rae1 Nf6 29.Qc4 Re7
30.h5 Nd7 31.R5e3 Qd6 32.Kg2 Kg7 33.Rh1 g5 34.h6+ Kh8 35.Rhe1 Rg8 36.d5 g4
37.Be4 exd5 38.Qd4+ f6 39.Bf5 Rxe3 40.Rxe3 Ne5 41.Qf4 Rf8 42.Bxg4 Nf7 43.Qxd6 Nxd6
44.Re6 Nc8 45.Kf3 Kg8 46.Bh5 Rd8 47.Rxf6 Rd6 48.Rxd6 Nxd6 49.Ke3 Kf8 50.Kd4 Ne4
51.c4 Nf6 52.Bf3 dxc4 53.Kxc4 Ke7 54.Kd4 Kd6 55.g4 Nd7 56.Be4 Ne5 57.g5 Ke6
58.f4  1-0

[Event "FSFMB June 2013"]
[Site "Budapest HUN"]
[Date "2013.06.11"]
[Round "11.1"]
[White "Steer,J"]
[Black "Csiba,Tibor Dr."]
[Result "1-0"]
[WhiteElo "1938"]
[BlackElo "1587"]

1.e4 d5 2.exd5 Qxd5 3.Nc3 Qd6 4.Bc4 Nf6 5.d3 c6 6.Nf3 Bg4 7.h3 Bh5 8.g4 Bg6
9.Be3 e6 10.Qd2 Be7 11.O-O-O Nd5 12.h4 Nxe3 13.Qxe3 h5 14.Ne5 Qc5 15.d4 Qd6
16.Nxg6 fxg6 17.g5 Na6 18.Bxe6 Rf8 19.Kb1 Qf4 20.Qd3 Rf5 21.Bxf5 gxf5 22.Rde1 Kf8
23.Qe2 Re8 24.Qxh5 Qxd4 25.Qh8+ Kf7 26.g6+  1-0

[Event "ch-FIN 2013"]
[Site "Mantta FIN"]
[Date "2013.06.11"]
[Round "2.5"]
[White "Maki Uuro,Mi"]
[Black "Karttunen,M"]
[Result "1/2-1/2"]
[WhiteElo "2336"]
[BlackElo "2441"]

1.e4 d5 2.exd5 Qxd5 3.Nc3 Qd6 4.d4 Nf6 5.Nb5 Qd8 6.c4 a6 7.Nc3 g6 8.Nf3 Bg7
9.Be2 O-O 10.O-O c6 11.Bg5 Bf5 12.Re1 Re8 13.Bf1 Bg4 14.h3 Bxf3 15.Qxf3 Nbd7  1/2-1/2

[Event "2nd Grand Europe Open 2013"]
[Site "Golden Sands BUL"]
[Date "2013.06.12"]
[Round "3.5"]
[White "Narayanan,Sri"]
[Black "Spasov,V"]
[Result "1/2-1/2"]
[WhiteElo "2464"]
[BlackElo "2565"]

1.e4 d5 2.exd5 Qxd5 3.Nc3 Qd6 4.d4 Nf6 5.Nf3 g6 6.Nb5 Qb6 7.c4 c6 8.Nc3 Bg7
9.h3 O-O 10.b3 Bf5 11.Bd3 Bxd3 12.Qxd3 Nbd7 13.O-O Rad8 14.Qc2 Rfe8 15.Re1 Qc7
16.Bb2 e5 17.dxe5 Nxe5 18.Rxe5 Rxe5 19.Nxe5 Qxe5 20.Nd5 Qe6 21.Nxf6+ Bxf6
22.Bxf6 Qxf6 23.Re1 Kg7 24.Qe2 h5 25.Rd1 Rd4 26.Rxd4 Qxd4 27.Qe7 b5 28.cxb5 cxb5
29.Qe2 Qd5 30.h4 a5 31.g3 a4 32.bxa4 bxa4 33.Qb2+ Kh7 34.a3 Qc4 35.Qf6 Kg8
36.Qd6 Kg7 37.Kg2  1/2-1/2

[Event "2nd Grand Europe Open 2013"]
[Site "Golden Sands BUL"]
[Date "2013.06.12"]
[Round "3.39"]
[White "Vajda,Le"]
[Black "Bhakti,K"]
[Result "1/2-1/2"]
[WhiteElo "2617"]
[BlackElo "2246"]

1.e4 d5 2.exd5 Qxd5 3.Nc3 Qd6 4.d4 Nf6 5.Nf3 c6 6.Ne5 Nbd7 7.Bf4 Nd5 8.Nxd5 Qxd5
9.f3 Nxe5 10.Bxe5 Bf5 11.Bd3 Bxd3 12.Qxd3 O-O-O 13.Rd1 f6 14.Bf4 e5 15.Qf5+ Rd7
16.c4 Qa5+ 17.Kf2 g6 18.Qxf6 Bg7 19.Qg5 h6 20.Bd2 Qxa2 21.Qxg6 Qxc4 22.dxe5 Qd4+
23.Kg3 Bxe5+ 24.Kh3 Qd6 25.Qxd6 Rxd6 26.Bc1 Kd7 27.f4 Bd4 28.g4 Ke7 29.f5 Kf7
30.Kg3 c5 31.h4 Rb6 32.g5 Rb3+ 33.Kg4 h5+ 34.Kf4 Re8 35.Rhe1 Be5+ 36.Rxe5 Rb4+
37.Kg3 Rxe5 38.Rf1 Rb3+ 39.Kf4 Rd5 40.Ke4 Rd4+ 41.Ke5 Rbd3 42.g6+ Kg7 43.Bf4 Rd8
44.f6+ Kxg6 45.Rg1+ Kf7 46.Rg7+ Kf8 47.Rxb7 R3d7 48.Rxd7 Rxd7 49.Ke6 Ke8
50.b3 a6 51.Bd6 Rh7 52.Bxc5 Rh6 53.Be3 Rg6 54.b4 Kf8 55.Bf4 Ke8 56.Bc1 Kf8
57.Be3 Ke8 58.Bc5 Rh6 59.Bd6 Rg6 60.Bf4 Kf8 61.Bd6+  1/2-1/2

[Event "17th Voronezh Master Open"]
[Site "Voronezh RUS"]
[Date "2013.06.13"]
[Round "2.4"]
[White "Sergienko,S"]
[Black "Kovalenko,I"]
[Result "0-1"]
[WhiteElo "2389"]
[BlackElo "2596"]

1.e4 d5 2.exd5 Qxd5 3.Nc3 Qd6 4.d4 Nf6 5.Nf3 g6 6.Ne5 Bg7 7.Bc4 O-O 8.O-O Nc6
9.Nb5 Qd8 10.Nxc6 bxc6 11.Nc3 Ne8 12.Ne2 Nd6 13.Bb3 Ba6 14.Re1 Qd7 15.c3 Rfe8
16.Nf4 e5 17.dxe5 Bxe5 18.Be3 c5 19.Nd3 c4 20.Nc5 Qc6 21.Ba4 Bb5 22.Bc2 Bg7
23.a4 Ba6 24.Nxa6 Qxa6 25.Bc5 Qc6 26.Rxe8+ Rxe8 27.Ba3 a5 28.Qd2 Ne4 29.Qf4 f5
30.Rd1 Qe6 31.Qe3 Qc6 32.Qf4 Nf6 33.Qd2 Qe6 34.h3 Qe5 35.Bb1 h5 36.Ba2 Kh7
37.Bxc4 Ne4 38.Qe3 f4 39.Qd3 c5 40.Re1 f3 41.h4 Qf4 42.Qxf3 Qxh4 43.Bb5 Ng3
44.fxg3 Rxe1+ 45.Bf1 Qe7 46.Qf2 Re3 47.Bc4 Qg5 48.Bd5 Rxg3 49.Qxc5 h4 50.Bf3 Qc1+
51.Kh2 Qf4 52.Kh1 h3 53.Qd6 Rxf3  0-1

[Event "7th Srebrno Jezero Open 2013"]
[Site "Srebrno jezero SRB"]
[Date "2013.06.14"]
[Round "1.9"]
[White "Markovic,ZS"]
[Black "Djukic,Sl2"]
[Result "1-0"]
[WhiteElo "2372"]
[BlackElo "2199"]

1.e4 d5 2.exd5 Qxd5 3.Nc3 Qd6 4.d4 Nf6 5.Nf3 a6 6.Bd3 Nc6 7.Ne4 Nxe4 8.Bxe4 Bg4
9.c3 f5 10.Bc2 g6 11.O-O O-O-O 12.Re1 e5 13.dxe5 Bxf3 14.Qxf3 Nxe5 15.Qg3 Nd3
16.Bxd3 Qxd3 17.Bg5 Qxg3 18.hxg3 Rd6 19.Re8+ Kd7 20.Rae1 h6 21.Bf4 Rd1 22.Rxd1+ Kxe8
23.Bxc7 Be7 24.Be5 Rh7 25.Kf1 Bf8 26.Bf6 Rc7 27.Rd8+ Kf7 28.Be5 Rc6 29.f4 b5
30.Ke2 h5 31.Rd7+ Ke6 32.Ra7 Be7 33.Bd4 Bf8 34.Kd3 Kd5 35.b3 Bc5 36.c4+ Kd6
37.Rg7  1-0

[Event "2nd Grand Europe Open 2013"]
[Site "Golden Sands BUL"]
[Date "2013.06.15"]
[Round "6.25"]
[White "Atakisi,U"]
[Black "Chatalbashev,B"]
[Result "1/2-1/2"]
[WhiteElo "2351"]
[BlackElo "2560"]

1.e4 d5 2.exd5 Qxd5 3.Nc3 Qd6 4.d4 Nf6 5.Nf3 g6 6.Nb5 Qb6 7.c4 c6 8.Nc3 Bg7
9.Be2 O-O 10.O-O Bg4 11.Qb3 Na6 12.h3 Qxb3 13.axb3 Bxf3 14.Bxf3 Nb4 15.d5 Nd7
16.dxc6 bxc6 17.Ra4 a5 18.Na2 Nxa2 19.Rxa2 Ne5 20.Bf4 Nxf3+ 21.gxf3 Rfd8
22.Rfa1 Rac8 23.Be3 Rb8 24.Rxa5 Bxb2 25.Rb1 Rxb3 26.Ra6 Rc8 27.Bc1 Rcb8 28.Rxb2 Rxb2
29.Bxb2 Rxb2 30.Rxc6 Rc2 31.Rc7 e6 32.c5 g5 33.Kg2 Kg7 34.c6 h5 35.Rc8 h4
36.Rc7 Kg6 37.Rc8 Kf5 38.Rc7 f6 39.Rc8 Ke5 40.Rc7 f5 41.Rg7 Kf6 42.Rc7 Rc5
43.Rc8 Ke5 44.c7 Rc1 45.Rg8 Rxc7 46.Rxg5 Kf4 47.Rg8 Ke5 48.Rf8 Rg7+ 49.Kf1 Re7
50.Ke2 Ra7 51.Kf1 Rb7 52.Kg2 Rc7 53.Kf1 Rc3 54.Kg2 Rc6 55.Kf1 Ra6 56.Ke2 Ra2+
57.Kf1  1/2-1/2

[Event "1st Golden Apricot 2013"]
[Site "Malatya TUR"]
[Date "2013.06.15"]
[Round "9"]
[White "Guliev,L"]
[Black "Odeev,H"]
[Result "1/2-1/2"]
[WhiteElo "2383"]
[BlackElo "2395"]

1.e4 d5 2.exd5 Qxd5 3.Nc3 Qd6 4.d4 c6 5.Nf3 Bg4 6.Be2 Nd7 7.O-O Ngf6 8.h3 Bh5
9.Be3 e6 10.Nd2 Bxe2 11.Qxe2 Be7  1/2-1/2

[Event "8th Teplice Open 2013"]
[Site "Teplice CZE"]
[Date "2013.06.15"]
[Round "1.44"]
[White "Egholm,Leif"]
[Black "Ptacnikova,L"]
[Result "0-1"]
[WhiteElo "1798"]
[BlackElo "2255"]

1.e4 d5 2.exd5 Qxd5 3.Nc3 Qd6 4.Bc4 Nf6 5.d3 a6 6.a4 Nc6 7.Nge2 e5 8.O-O Bg4
9.f3 Be6 10.b3 Nd4 11.Ba3 c5 12.Ng3 Be7 13.Re1 O-O 14.Bxe6 Qxe6 15.Rc1 Rfc8
16.Qd2 b5 17.axb5 axb5 18.Bb2 c4 19.Nce2 Nxe2+ 20.Qxe2 Bb4 21.c3 cxd3 22.Qxd3 Bc5+
23.Kh1 Qxb3 24.Rb1 Qc4 25.Qf5 Bd6 26.Ne4 Nxe4 27.Rxe4 Qd5 28.Rbe1 Qd3 29.c4 bxc4
30.Bxe5 Bxe5 31.Rxe5  0-1

[Event "2nd Grand Europe Open 2013"]
[Site "Golden Sands BUL"]
[Date "2013.06.16"]
[Round "7.11"]
[White "Venkatesh,M"]
[Black "Spasov,V"]
[Result "1/2-1/2"]
[WhiteElo "2506"]
[BlackElo "2565"]

1.e4 d5 2.exd5 Qxd5 3.Nc3 Qd6 4.d4 Nf6 5.Nf3 g6 6.h3 Bg7 7.Nb5 Qb6 8.c4 c6
9.Nc3 O-O 10.Be2 Bf5 11.O-O Rd8 12.Re1 Nbd7 13.Qb3 Ne4 14.Bf1 Nxc3 15.bxc3 e5
16.Nxe5 Nxe5 17.dxe5 Rd7 18.Bf4 Rad8 19.g4 Be6 20.Qxb6 axb6 21.Reb1 f6 22.exf6 Bxf6
23.Rxb6 Bxc3 24.Rab1 Rd1 25.Kg2 Rxb1 26.Rxb1 b5 27.cxb5 cxb5 28.Bxb5 Bxa2
29.Rc1 Bd2 30.Bxd2 Rxd2 31.Rc8+ Kg7 32.Rc7+ Kg8 33.Kg3 g5 34.f3 h6 35.h4 Bf7
36.Ba6 Rd6 37.Bb5 Kf8 38.Bd7 Ke7 39.Bf5+ Kf6 40.f4 gxf4+ 41.Kxf4 Rd4+ 42.Ke3 Rc4
43.Rd7 h5 44.g5+ Kxf5 45.Rxf7+ Ke5 46.Re7+ Kf5  1/2-1/2

[Event "17th Petr Izmailov"]
[Site "Tomsk RUS"]
[Date "2013.06.16"]
[Round "6.12"]
[White "Loskutov,O"]
[Black "Aleksandrov,Zakhar"]
[Result "1-0"]
[WhiteElo "2383"]
[BlackElo "2129"]

1.e4 d5 2.exd5 Qxd5 3.Nc3 Qd6 4.d4 Nf6 5.Bg5 Bg4 6.Qd2 Nc6 7.f3 Bf5 8.O-O-O O-O-O
9.Nge2 e6 10.a3 Be7 11.Qe3 Nd5 12.Nxd5 exd5 13.Bxe7 Qxe7 14.Qf4 Bg6 15.Nc3 Qd6
16.Qd2 a6 17.h4 h6 18.h5 Bh7 19.Na4 Nb8 20.g4 Nd7 21.Rh3 Qc6 22.Nc3 Nf6 23.g5 hxg5
24.Qxg5 Qe6 25.Rh4 Bf5 26.Na4 g6 27.Nc5 Qd6 28.hxg6 fxg6 29.Bd3 Rxh4 30.Qxh4 Rf8
31.Bxf5+ gxf5 32.Re1 Re8 33.Rxe8+ Nxe8 34.Qh5 Qf8 35.Ne6 Qg8 36.Qxf5 Qg1+
37.Kd2 Qf2+ 38.Kc3 Qe3+ 39.Kb4 Nd6 40.Qxd5 b6 41.c3 a5+ 42.Kb3  1-0

[Event "2nd Grand Europe Open 2013"]
[Site "Golden Sands BUL"]
[Date "2013.06.17"]
[Round "8.30"]
[White "Givon,A"]
[Black "Bhakti,K"]
[Result "1-0"]
[WhiteElo "2415"]
[BlackElo "2246"]

1.e4 d5 2.exd5 Qxd5 3.Nc3 Qd6 4.d4 Nf6 5.Nf3 c6 6.Ne5 Nbd7 7.Nc4 Qc7 8.a4 Nb6
9.Ne5 e6 10.Bd3 Bd6 11.f4 O-O 12.O-O a6 13.Kh1 c5 14.dxc5 Bxc5 15.Qf3 Nbd7
16.Qh3 h6 17.Rf3 Nxe5 18.fxe5 Qxe5 19.Bxh6 Qh5 20.Ne4 Qxh3 21.Nxf6+ Kh8 22.Rxh3 gxh6
23.Rf1 Kg7 24.Nh5+ Kh8 25.Rf6 Bd6 26.Rh4 Rd8 27.Rg4  1-0

[Event "8th Teplice Open 2013"]
[Site "Teplice CZE"]
[Date "2013.06.17"]
[Round "3.47"]
[White "Ulanowski,K"]
[Black "Badelka,Olga"]
[Result "1-0"]
[WhiteElo "2083"]
[BlackElo "1817"]

1.e4 d5 2.exd5 Qxd5 3.Nc3 Qd6 4.d4 Nf6 5.Nf3 c6 6.g3 Bf5 7.Bg2 e6 8.O-O Be7
9.Nh4 Bg4 10.Qd3 O-O 11.h3 Bh5 12.Bf4 Qd8 13.g4 Nd5 14.Nxd5 cxd5 15.Nf5 Bg6
16.Nxe7+ Qxe7 17.Qd2 Nc6 18.Bg3 Qf6 19.c3 Rac8 20.Rae1 Na5 21.f4 Nc4 22.Qe2 Be4
23.Bxe4 dxe4 24.Qh2 Qg6 25.f5 exf5 26.gxf5 Qc6 27.f6 Rfe8 28.b3 Nb6 29.c4 Nd7
30.fxg7 Qg6 31.Kh1 a6 32.Bh4 b5 33.c5 Nf6 34.Qg2 Nh5 35.Qg4 Ng3+ 36.Qxg3 Qc6
37.Qe3 f5 38.Qg5 Qe6  1-0

[Event "12th TCh-BIH Prem"]
[Site "Sarajevo BIH"]
[Date "2013.06.18"]
[Round "4.3"]
[White "Mehmedovic,M"]
[Black "Jefic,S"]
[Result "1/2-1/2"]
[WhiteElo "2225"]
[BlackElo "2166"]

1.e4 d5 2.exd5 Qxd5 3.Nc3 Qd6 4.d4 Nf6 5.Nf3 c6 6.Be2 Bf5 7.O-O e6 8.a3 Be7
9.Bg5 O-O 10.Qd2 h6 11.Bf4 Qd8 12.h3  1/2-1/2

[Event "8th Teplice Open 2013"]
[Site "Teplice CZE"]
[Date "2013.06.18"]
[Round "4.14"]
[White "Andreev,Ed UKR"]
[Black "Bartos,J"]
[Result "1-0"]
[WhiteElo "2498"]
[BlackElo "2196"]

1.e4 d5 2.exd5 Qxd5 3.Nc3 Qd6 4.d4 Nf6 5.Nf3 c6 6.Ne5 Nbd7 7.Nc4 Qc7 8.Qf3 Nb6
9.Bf4 Qd7 10.Nxb6 axb6 11.O-O-O e6 12.Bc4 Nd5 13.Nxd5 cxd5 14.Bb3 Bd6 15.h4 Qc7
16.Bxd6 Qxd6 17.h5 h6 18.Rde1 O-O 19.Kb1 Bd7 20.Qe3 Ba4 21.g4 Bxb3 22.cxb3 Qe7
23.f4 Qf6 24.Rc1 Rfc8 25.a3 Rc6 26.Rxc6 bxc6 27.Ka2 c5 28.dxc5 bxc5 29.g5 Qf5
30.gxh6 gxh6 31.Rg1+ Kh7 32.Qxc5 Qxf4 33.Qc2+ Qe4 34.Qf2 Rf8 35.Qf6  1-0

[Event "8th Teplice Open 2013"]
[Site "Teplice CZE"]
[Date "2013.06.18"]
[Round "4.9"]
[White "Kanovsky,D"]
[Black "Kasparov,S"]
[Result "1-0"]
[WhiteElo "2385"]
[BlackElo "2482"]

1.e4 d5 2.exd5 Qxd5 3.Nc3 Qd6 4.d4 Nf6 5.Nf3 c6 6.Ne5 Be6 7.Bf4 Qd8 8.Qd2 Nbd7
9.O-O-O g6 10.Bc4 Bxc4 11.Nxc4 Bg7 12.d5 O-O 13.dxc6 bxc6 14.Rhe1 e6 15.Bd6 Re8
16.Ba3 Qc7 17.g3 Nb6 18.Qe2 Red8 19.Bd6 Qc8 20.Be5 Rxd1+ 21.Rxd1 Nbd7 22.Nd6 Qf8
23.Bd4 Nd5 24.Bxg7 Qxg7 25.Nce4 h6 26.c4 N5f6 27.Nxf6+ Nxf6 28.f3 Ne8 29.Ne4 Rb8
30.Nc3 Qf6 31.Ne4 Qg7 32.Qd2 Qe5 33.Qc3 Qxc3+ 34.Nxc3 Rc8 35.Rd7 Rc7 36.Rd8 Kf8
37.Ne4 Ke7 38.Ra8 Nd6 39.Nxd6 Kxd6 40.Kc2 h5 41.b4 e5 42.Kc3 Ke6 43.a4 f5
44.a5 f4 45.Re8+ Kf6 46.gxf4 exf4 47.Rf8+ Ke5 48.h4 Rd7 49.Rg8 Kf5 50.a6 Rd1
51.Rg7 Rf1 52.Rxa7 Rxf3+ 53.Kd4 g5 54.hxg5 Ra3 55.b5 cxb5 56.cxb5 f3 57.Rf7+ Kg6
58.Rf8 h4 59.b6  1-0

[Event "12th TCh-BIH Prem"]
[Site "Sarajevo BIH"]
[Date "2013.06.19"]
[Round "5.4"]
[White "Burovic,I"]
[Black "Zlobec,S"]
[Result "1/2-1/2"]
[WhiteElo "2351"]
[BlackElo "2045"]

1.e4 d5 2.exd5 Qxd5 3.Nc3 Qd8 4.Ne4 Nf6 5.Nxf6+ exf6 6.d4 Bd6 7.Bd3 O-O 8.Be3 c6
9.c3 Re8 10.Qc2 h6 11.Ne2 Nd7 12.O-O Qc7 13.h3 Nf8 14.Rae1 Be6 15.c4 Rad8
16.Nc3 a6 17.a3 b5 18.c5 Bh2+ 19.Kh1 Bf4 20.Be4 Bc4 21.Bxf4 Qxf4 22.Bxc6 Rxe1
23.Rxe1 Rxd4 24.Re4 Rd2 25.Rxf4 Rxc2 26.Be4 Rc1+ 27.Kh2 Ne6 28.Rf5 Kf8 29.Bb7 a5
30.c6 Nc7 31.Rf4 Ke7 32.Rd4 Be6 33.Ne4 Rc4 34.Rxc4 Bxc4 35.Kg3 f5 36.Nc3 g5
37.f4 f6 38.Kf3 Kd6 39.g4 b4 40.axb4 axb4 41.Nd1 Bd5+ 42.Kg3 fxg4 43.Kxg4 h5+
44.Kf5 Be6+ 45.Kxf6 gxf4 46.Nf2 f3 47.Kg5 Ke5 48.Kxh5 Kf4 49.Kh4 Bf5 50.Nh1 Ke3
51.Kg3 Kd2 52.h4 Kc2 53.Kxf3 Kxb2 54.Ng3 Bh7 55.Bc8 b3 56.Ke2 Kc2 57.Nf1 b2
58.Nd2 Kc3 59.Bg4 Kd4  1/2-1/2

[Event "8th Teplice Open 2013"]
[Site "Teplice CZE"]
[Date "2013.06.19"]
[Round "5.17"]
[White "Jurcik,Mari"]
[Black "Kantans,T"]
[Result "1/2-1/2"]
[WhiteElo "2525"]
[BlackElo "2320"]

1.e4 d5 2.exd5 Qxd5 3.Nc3 Qd6 4.d4 Nf6 5.Bc4 a6 6.Nge2 Nc6 7.Bf4 e5 8.dxe5 Nxe5
9.Bb3 Qxd1+ 10.Rxd1 Bd6 11.O-O O-O 12.Bg5 Neg4 13.h3 h6 14.Bh4 g5 15.Bg3 Ne5
16.f4 gxf4 17.Bxf4 Kg7 18.Bxh6+ Kxh6 19.Rxf6+ Kg7 20.Rff1 f5 21.Nf4 Bd7 22.Be6 Rae8
23.Bxd7 Nxd7 24.Nd3 Kg6 25.Nd5 Kg5 26.Rf3 Ne5 27.Nxe5 Rxe5 28.Rg3+ Kh6 29.Rc3 Rf7
30.Kf1 Re4 31.Rf3 Be5 32.b3 Bd4 33.Re1 Rxe1+ 34.Kxe1 c6 35.Nf4 Re7+ 36.Kd2 Kg5
37.Nd3 Kg6 38.Ne1 Bg7 39.Rd3 Bh6+ 40.Kd1 Bf4 41.Nf3 Kf6 42.Nd4 Bc7 43.Ne2 Ba5
44.c3 Bc7 45.Ke1 Bb6 46.Kf1 a5 47.Rf3 Ke5 48.Nf4 Rg7 49.Ke2 a4 50.bxa4 Rg8
51.h4 Ra8 52.Nd3+ Ke6 53.Rf4 Bc7 54.Rb4 b6 55.Kf3 c5 56.Nf4+ Kd6 57.Rb2 Rxa4
58.h5 Kc6 59.Ng6 Rg4 60.Rb1 Kd5 61.Rd1+ Ke6 62.Rh1 Kf7 63.Re1 Bd6 64.Rb1 Bc7
65.Re1 Bd6 66.Rb1 Bc7 67.Rd1 Ke6 68.Re1+ Kf6 69.Re7 Bh2 70.Rb7 Rg3+ 71.Kf2 Rxc3
72.Nf8 Bg3+ 73.Ke2 Kg5 74.Rxb6 Kxh5 75.Rc6 Ra3 76.Rxc5 Rxa2+ 77.Kf3 Ra3+
78.Ke2 Kg4 79.Rc2 Ra1 80.Nd7 Re1+ 81.Kd2 Re6 82.Nc5 Bf4+ 83.Kd3 Rd6+ 84.Ke2 Kg3
85.Nd3 Bh6 86.Ne1 Bg7  1/2-1/2